LEADER 01244nam a2200277 u 4500 001 000000063769 003 CaOOAMICUS 005 20070226121301.0 008 011107s1966 ne u000 u ger u 035 $a10909069 040 $aPUL$bita 100 1 $aHusserl, Edmund,$d1859-1938.$0(OLS)http://pul/name/10441 245 10$aAnalysen zur passiven Synthesis :$baus Vorlesungs- und Forschungsmanuskripten 1918-1926 /$cEdmund Husserl ; herausgegeben von Margot Fleischer. 260 $aDen Haag :$bM. Nijhoff,$c1966. 300 $axxiv, 531 p. ;$c24 cm 490 1 $aHusserliana ;$vBd. 11 504 $aBibliografia in nota. 650 4$aFilosofia.$0(OLS)http://pul/subject/362 650 4$aFenomenologia.$0(OLS)http://pul/subject/1230 700 1 $aFleischer, Margot.$0(OLS)http://pul/name/43213 830 0$aHusserliana ;$vBd. 11.$0(OLS)http://pul/title/71568 850 $aPUL 852 $aPUL$W1$xSL Filosofia 1$y2$m86 M 11$j82714$n $b $qStampati$B82714$CPULBib$Z2$F82714 $H $81 941 1 $a8 996 $6245$aAnalysen zur passiven Synthesis :$baus Vorlesungs- und Forschungsmanuskripten 1918-1926$9(OLS)http://pul/title/85011 996 $6260$aDen Haag :$bM. Nijhoff$9(OLS)http://pul/publisher/70645 LEADER 01524nam a2200373 u 4500 001 000000008087 003 CaOOAMICUS 005 20070226105045.0 008 941013s1993 it f u000 u ita u 020 $a88-02-04738-3 035 $a10209283 040 $aPUL$bita 100 1 $aSvevo, Italo,$d1861-1928.$0(OLS)http://pul/name/8071 245 10$aRomanzi di Italo Svevo /$ca cura di Giovanna Ioli. 260 $aTorino :$bUnione Tipografico-Editrice Torinese,$c1993. 300 $a991 p. :$btav. ;$c23 cm 490 1 $aClassici italiani 500 $a"Nota biografica": p. [35]-43. 504 $aBibliografia: p. [45]-56. 505 0 $aUna vita - Senilità - La coscienza di Zeno. 700 1 $aIoli, Giovanna.$0(OLS)http://pul/name/8072 740 41$aUna vita. 740 01$aSenilità. 740 31$aLa coscienza di Zeno /. 830 0$aClassici italiani (UTET).$0(OLS)http://pul/title/6039 850 $aPUL 852 $aPUL$W1$xSL Cons. Gen., Altre Classi 3$y75$m850 COLL 1.61$j11451$nBK-PRI$b $qDDC 21$B11451$CPULBib$Z2$F11451 $HPUL101450 $81 941 1 $a9 996 $6020$a88-02-04738-3$9(OLS)http://pul/number/10421 996 $6245$aRomanzi di Italo Svevo$9(OLS)http://pul/title/11797 996 $6740$aUna vita$9(OLS)http://pul/title/11798 996 $6740$aSenilità$9(OLS)http://pul/title/11799 996 $6740$aLa coscienza di Zeno$9(OLS)http://pul/title/11800 996 $6260$aTorino :$bUnione Tipografico-Editrice Torinese$9(OLS)http://pul/publisher/48798